<?xml version="1.0" encoding="UTF-8"?><?xml-stylesheet type="text/xsl" href="static/style.xsl"?><OAI-PMH xmlns="http://www.openarchives.org/OAI/2.0/" xmlns:xsi="http://www.w3.org/2001/XMLSchema-instance" xsi:schemaLocation="http://www.openarchives.org/OAI/2.0/ http://www.openarchives.org/OAI/2.0/OAI-PMH.xsd"><responseDate>2026-06-29T22:11:37Z</responseDate><request verb="GetRecord" identifier="oai:riubu.ubu.es:10259/9033" metadataPrefix="marc">https://riubu.ubu.es/oai/request</request><GetRecord><record><header><identifier>oai:riubu.ubu.es:10259/9033</identifier><datestamp>2024-07-16T11:21:50Z</datestamp><setSpec>com_10259_9391</setSpec><setSpec>com_10259_5087</setSpec><setSpec>com_10259_2728</setSpec><setSpec>col_10259_9392</setSpec></header><metadata><record xmlns="http://www.loc.gov/MARC21/slim" xmlns:doc="http://www.lyncode.com/xoai" xmlns:xsi="http://www.w3.org/2001/XMLSchema-instance" xmlns:dcterms="http://purl.org/dc/terms/" xsi:schemaLocation="http://www.loc.gov/MARC21/slim http://www.loc.gov/standards/marcxml/schema/MARC21slim.xsd">
<leader>00925njm 22002777a 4500</leader>
<datafield tag="042" ind1=" " ind2=" ">
<subfield code="a">dc</subfield>
</datafield>
<datafield tag="720" ind1=" " ind2=" ">
<subfield code="a">Aldaz Olmedo, Wendy Vanessa</subfield>
<subfield code="e">author</subfield>
</datafield>
<datafield tag="520" ind1=" " ind2=" ">
<subfield code="a">La digitalización actual está impulsando tanto a empresas como a individuos a adaptarse al avance de&#xd;
tecnologías como el metaverso, un espacio virtual que fusiona lo físico y lo virtual, ofreciendo&#xd;
experiencias inmersivas y oportunidades innovadoras, y la inteligencia artificial, que ha transformado la&#xd;
manera en que interactuamos con nuestro entorno debido a su capacidad para aprender y tomar&#xd;
decisiones autónomas. En este contexto, cabe destacar que los objetivos de mi trabajo incluyen la&#xd;
investigación sobre el origen, la evolución, los beneficios y los desafíos de estas tecnologías emergentes.&#xd;
El estudio aborda ejemplos de empresas que han incorporado estas tecnologías en sus estrategias de&#xd;
marketing, destacando tanto los casos de éxito como aquellos que no han alcanzado los resultados&#xd;
esperados. Asimismo, se realizó un estudio empírico que incluye una encuesta dirigida a una muestra&#xd;
de la población y un experimento relacionado con los casos estudiados, con el propósito de obtener una&#xd;
perspectiva práctica y conocer la opinión de las personas en relación con la aplicación del metaverso y&#xd;
la inteligencia artificial.</subfield>
</datafield>
<datafield tag="520" ind1=" " ind2=" ">
<subfield code="a">The current digitalization is driving both companies and individuals to adapt to the advancement of&#xd;
technologies such as the metaverse, a virtual space that merges the physical and the virtual, offering&#xd;
immersive experiences and innovative opportunities, and artificial intelligence, which has transformed the&#xd;
way we interact with our environment due to it is ability to learn and make autonomous decisions. In this&#xd;
context, it is worth noting that the objectives of my work include researching the origin, evolution, benefits,&#xd;
and challenges of these emerging technologies. The study addresses examples of companies that have&#xd;
incorporated these technologies in their marketing strategies, highlighting both successful cases and&#xd;
those that haven’t achieved the expected results. Likewise, an empirical study that includes a survey&#xd;
targeted at a sample of the population and an experiment related to the cases studied, with the purpose&#xd;
of obtaining a practical perspective and knowing the opinion of people in relation to the application of the&#xd;
metaverse and artificial intelligence.</subfield>
</datafield>
<datafield tag="024" ind2=" " ind1="8">
<subfield code="a">http://hdl.handle.net/10259/9033</subfield>
</datafield>
<datafield ind1=" " ind2=" " tag="653">
<subfield code="a">Metaverso</subfield>
</datafield>
<datafield ind1=" " ind2=" " tag="653">
<subfield code="a">Espacio virtual</subfield>
</datafield>
<datafield ind1=" " ind2=" " tag="653">
<subfield code="a">Inteligencia artificial</subfield>
</datafield>
<datafield ind1=" " ind2=" " tag="653">
<subfield code="a">Inteligencia artificial generativa</subfield>
</datafield>
<datafield ind1=" " ind2=" " tag="653">
<subfield code="a">Marketing</subfield>
</datafield>
<datafield ind1=" " ind2=" " tag="653">
<subfield code="a">Metaverse</subfield>
</datafield>
<datafield ind1=" " ind2=" " tag="653">
<subfield code="a">Virtual space</subfield>
</datafield>
<datafield ind1=" " ind2=" " tag="653">
<subfield code="a">Artificial Intelligence</subfield>
</datafield>
<datafield ind1=" " ind2=" " tag="653">
<subfield code="a">Generative artificial intelligence</subfield>
</datafield>
<datafield tag="245" ind1="0" ind2="0">
<subfield code="a">El papel del Metaverso y la Inteligencia Artificial en marketing</subfield>
</datafield>
</record></metadata></record></GetRecord></OAI-PMH>